El maque (Record no. 9862)

MARC details
000 -CABECERA
campo de control de longitud fija 00820nam a2200229 a 4500
001 - NÚMERO DE CONTROL
campo de control BRL_1050
005 - FECHA Y HORA DE LA ÚLTIMA TRANSACCIÓN
campo de control 20190320211019.0
008 - DATOS DE LONGITUD FIJA--INFORMACIÓN GENERAL
campo de control de longitud fija 051113s1982----mx-ao#####---#000-0#spa-#
041 ## - CÓDIGO DE LENGUA
Código de lengua del texto/banda sonora o título independiente spa
044 ## - CÓDIGO DEL PAÍS DE LA ENTIDAD EDITORA/PRODUCTORA
Código MARC del país mx
050 #4 - SIGNATURA TOPOGRÁFICA DE LA BIBLIOTECA DEL CONGRESO
Número de clasificación NK9900.7.M6
Número de documento/Ítem .T45 1982
100 1# - ENTRADA PRINCIPAL--NOMBRE DE PERSONA
Nombre de persona Thiele, Eva-María
9 (RLIN) 25682
245 10 - MENCIÓN DE TÍTULO
Título El maque
Resto del título estudio histórico sobre un bello arte
Mención de responsabilidad, etc. Eva-Maria Thiele.
260 ## - PUBLICACIÓN, DISTRIBUCIÓN, ETC.
Lugar de publicación, distribución, etc. México
Nombre del editor, distribuidor, etc. Instituto Michoacano de cultura : Casa de las Artesanías del Estado de Michoacán : Fondo para Actividades Sociales y Culturales de Michoacán
Fecha de publicación, distribución, etc. 1982
300 ## - DESCRIPCIÓN FÍSICA
Extensión xiv, 82 p.
Otras características físicas il. (algunas a color)
Dimensiones 24 cm.
500 ## - NOTA GENERAL
Nota general Ej.1 Au1182; Ej.2 Au1181
500 ## - NOTA GENERAL
Nota general La biblioteca cuenta con 2 ejemplares
504 ## - NOTA DE BIBLIOGRAFÍA, ETC.
Nota de bibliografía, etc. Bibliografía: p. 75-77
650 14 - PUNTO DE ACCESO ADICIONAL DE MATERIA--TÉRMINO DE MATERIA
Término de materia o nombre geográfico como elemento de entrada Lacas y laqueado
Subdivisión geográfica México
9 (RLIN) 25683
902 ## - CATALOGADOR
Iniciales GRL
942 ## - ELEMENTOS DE PUNTO DE ACCESO ADICIONAL (KOHA)
Fuente del sistema de clasificación o colocación Library of Congress Classification
Tipo de ítem Koha Libros
Holdings
Estado de retiro Estado de pérdida Estado dañado No para préstamo Localización permanente Ubicación/localización actual Fecha de adquisición Total de préstamos Signatura topográfica completa Código de barras Fecha visto por última vez Precio válido a partir de Tipo de ítem Koha
El ejemplar forma parte de la colección y puede ser consultado según las políticas vigentes.       Biblioteca Centro de Estudios Ruth D. Lechuga Biblioteca Centro de Estudios Ruth D. Lechuga 05/11/2013   NK9900.7.M6 .T45 1982 GRL01146 22/03/2019 22/03/2019 Libros
El ejemplar forma parte de la colección y puede ser consultado según las políticas vigentes.       Biblioteca Centro de Estudios Ruth D. Lechuga Biblioteca Centro de Estudios Ruth D. Lechuga 12/10/2015   NK9900.7.M6 .T45 1982 GRL01147 22/03/2019 22/03/2019 Libros